| 000 | 00563nam a2200217Ia 4500 | ||
|---|---|---|---|
| 001 | 17870 | ||
| 003 | AR-BaAGN | ||
| 005 | 20231116141628.0 | ||
| 007 | ta | ||
| 008 | 211213s195u sp |||||||||||||| ||spa d | ||
| 040 |
_dAR-BaAGN _aAR-BaAGN _bspa _eaacr |
||
| 110 | _aRevista Geográfica Española | ||
| 245 | 1 | 0 | _aLa huella de España en Nápoles |
| 260 |
_aMadrid : _bLa Revista, _c[195-?] |
||
| 300 |
_a159 páginas : _bilustraciones |
||
| 336 |
_2rdacontent _btxt |
||
| 337 |
_2rdamedia _bn |
||
| 338 |
_2rdacarrier _bnc |
||
| 942 | _cLIBRO | ||
| 999 |
_c17870 _d17870 |
||